Coptic monasticism & the Monastery of St. Macarius : a short history /

محفوظ في:

المؤلف الرئيسي: Mattá, al-Miskīn,‏ 1920-2006 (مؤلف)

التنسيق: كتاب

اللغة: English

منشور في: [Cairo] : Monastery of St. Macarius Scetis, c1984.

الموضوعات:

الوسوم: إضافة وسم

لا توجد وسوم, كن أول من يضع وسما على هذه التسجيلة!

رقم الطلب: BX136.2 .M47 1984

LEADER 00718namaa2200217 4500
001 4846
003 OSt
005 20251020130850.0
008 130303s1984 ua a 000 0 eng d
010 |a 91960728 
040 |c ARCE Library 
050 4 |a BX136.2 .M47 1984 
100 0 |a Mattá,  |c al-Miskīn,‏  |d 1920-2006,  |e author 
245 1 0 |a Coptic monasticism & the Monastery of St. Macarius :  |b a short history /  |c Matta el-Meskeen. 
246 3 |a Coptic monasticism and the Monastery of St. Macarius 
264 1 |a [Cairo] :  |b Monastery of St. Macarius Scetis,  |c c1984. 
300 |a 84 pages :  |b illustrations (some color) ;  |c 20 cm. 
650 0 |a Coptic monasteries  |z Egypt. 
901 |a reviewed 
942 |c BK  |2 lcc 
999 |c 7667  |d 7667